00703cam a2200193 a 450000100100000000500170001000800410002702000150006804000250008308200140010824501210012226000380024330000240028170000300030570000360033504900090037195201120038099900170049200002544120200930023806.0901219s2002 xxu 000 | spa d a0743448200 aDO-SdBNPbspacBNPHU axxxbP78414aLas oraciones privadas del Papa Juan Pablo II :buna invitación a la oración /ctraducción Mercedes Lamamié. aNueva York :bAtria Books,c2002. ax, 289 p. ;c21 cm.1 aPablo, Juan,cPapa9520461 aLamamié, Mercedesetr.952047 aBNGR 001050718MOaGRbGRcCTd2011-02-16iLF1l0oxxx P784p25441-10r2020-06-25w2020-06-25y1ZNo se presta c24933d24933